[Event "Lichtenrader Herbst 2018"]
[Site "Berlin"]
[Date "2018.11.04"]
[Round "9"]
[White "Polatel, Ali"]
[Black "Bruedigam, Martin"]
[Result "0-1"]
[WhiteElo "2214"]
[BlackElo "2392"]
[Annotator "ChessBase"]
[PlyCount "256"]
[EventDate "2018.10.27"]
[EventType "swiss"]
[EventCountry "GER"]
[SourceTitle "playchess.com"]
[Source "ChessBase"]
[SourceQuality "1"]
[TimeControl "40/5400+30:1800+30"]

1. d4 {[%emt 0:00:00]} Nf6 {[%emt 0:00:00]} 2. Bg5 {[%emt 0:00:00]} e6 {[%emt 0:01:20]} 3. e4 {[%emt 0:01:36]} h6 {[%emt 0:00:07]} 4. Bxf6 {[%emt 0:00:17]} Qxf6 {[%emt 0:00:05]} 5. c3 {[%emt 0:01:12]} d6 {[%emt 0:00:40]} 6. Bc4 {[%emt 0:02:11]} Nd7 {[%emt 0:02:08]} 7. Ne2 {[%emt 0:03:33]} Qg6 {[%emt 0:16:32]} 8. Ng3 {[%emt 0:08:06]} h5 {[%emt 0:01:12]} 9. h4 {[%emt 0:06:13]} Be7 {[%emt 0:03:48]} 10. Nd2 {[%emt 0:02:29]} Qh6 {[%emt 0:00:59]} 11. a4 {[%emt 0:06:14]} Nf8 {[%emt 0:01:04]} 12. Be2 {[%emt 0:08:15]} g6 {[%emt 0:12:02]} 13. Nf3 {[%emt 0:09:17]} Nd7 {[%emt 0:00:46]} 14. a5 {[%emt 0:00:42]} a6 {[%emt 0:00:29]} 15. e5 {[%emt 0:04:46]} Qg7 {[%emt 0:05:15]} 16. exd6 {[%emt 0:04:38]} cxd6 {[%emt 0:00:09]} 17. d5 {[%emt 0:01:05]} e5 {[%emt 0:05:46]} 18. Ng5 {[%emt 0:04:00]} Qh6 {[%emt 0:06:26]} 19. Qa4 {[%emt 0:05:29]} O-O {[%emt 0:06:29]} 20. Qa3 {[%emt 0:07:00]} Nf6 {[%emt 0:02:26]} 21. c4 {[%emt 0:00:33]} Nh7 {[%emt 0:03:09]} 22. N3e4 {[%emt 0:03:25]} Rd8 {[%emt 0:02:47]} 23. Qg3 {[%emt 0:03:16]} Bf5 {[%emt 0:05:14]} 24. Bd3 {[%emt 0:00:36]} Bxe4 {[%emt 0:00:49]} 25. Nxe4 {[%emt 0:01:18]} f5 {[%emt 0:00:16]} 26. Nc3 {[%emt 0:01:11]} e4 {[%emt 0:00:18]} 27. Be2 {[%emt 0:00:23]} Bf6 {[%emt 0:00:34]} 28. O-O {[%emt 0:01:15]} Be5 {[%emt 0:01:18]} 29. Qe3 {[%emt 0:01:41]} Qxe3 {[%emt 0:02:50]} 30. fxe3 {[%emt 0:00:02]} Nf6 {[%emt 0:00:19]} 31. Kf2 {[%emt 0:01:18]} Bxc3 {[%emt 0:02:08]} 32. bxc3 {[%emt 0:00:02]} Nd7 {[%emt 0:00:59]} 33. Rfb1 {[%emt 0:00:33]} Nc5 {[%emt 0:00:10]} 34. Rb6 {[%emt 0:00:16]} Kg7 {[%emt 0:00:47]} 35. Kg3 {[%emt 0:00:25]} Kf6 {[%emt 0:00:26]} 36. Kf4 {[%emt 0:00:13]} Rd7 {[%emt 0:00:26]} 37. Rh1 {[%emt 0:02:14]} Rc8 {[%emt 0:01:19]} 38. Rb4 {[%emt 0:02:10]} Rdc7 {[%emt 0:00:53]} 39. Rb6 {[%emt 0:00:23]} Rd8 {[%emt 0:00:16]} 40. Rd1 {[%emt 0:01:09]} Na4 {[%emt 0:03:00]} 41. Rb3 {[%emt 0:33:52]} Rg7 {[%emt 0:30:48]} 42. Kg3 {[%emt 0:06:08]} Ke5 {[%emt 0:01:55]} 43. Kf2 {[%emt 0:00:16]} Nc5 {[%emt 0:01:19]} 44. Rbb1 {[%emt 0:01:13]} Rc8 {[%emt 0:02:34]} 45. Rb4 {[%emt 0:00:00]} Rcc7 {[%emt 0:00:00]} 46. Rh1 {[%emt 0:00:00]} Rgf7 {[%emt 0:00:00]} 47. Rh3 {[%emt 0:00:00]} Nd7 {[%emt 0:00:00]} 48. Rh1 {[%emt 0:00:00]} Rf8 {[%emt 0:00:00]} 49. Rhb1 {[%emt 0:00:00]} Nc5 {[%emt 0:00:00]} 50. Rh1 {[%emt 0:00:00]} Rfc8 {[%emt 0:00:00]} 51. Rd1 {[%emt 0:00:00]} Rf7 {[%emt 0:00:00]} 52. g3 {[%emt 0:00:00]} Rcc7 {[%emt 0:00:00]} 53. Rdb1 {[%emt 0:00:00]} Kf6 {[%emt 0:00:00]} 54. Rb6 {[%emt 0:00:00]} Ke7 {[%emt 0:00:00]} 55. R6b4 {[%emt 0:00:00]} Kd8 {[%emt 0:00:00]} 56. Ke1 {[%emt 0:00:00]} Kc8 {[%emt 0:00:00]} 57. Kd2 {[%emt 0:00:00]} Nd7 {[%emt 0:00:00]} 58. Ra4 {[%emt 0:00:00]} Rc5 {[%emt 0:00:00]} 59. Rbb4 {[%emt 0:00:00]} Kb8 {[%emt 0:00:00]} 60. Bf1 {[%emt 0:00:00]} Rf8 {[%emt 0:00:00]} 61. Ra3 {[%emt 0:00:00]} Rfc8 {[%emt 0:00:00]} 62. Kc2 {[%emt 0:00:00]} Ka7 {[%emt 0:00:00]} 63. Be2 {[%emt 0:00:00]} R8c7 {[%emt 0:00:00]} 64. Rba4 {[%emt 0:00:00]} Ne5 {[%emt 0:00:00]} 65. Kb3 {[%emt 0:00:00]} Rf7 {[%emt 0:02:03]} 66. Ra1 {[%emt 0:01:10]} Rc8 {[%emt 0:00:57]} 67. Rf1 {[%emt 0:01:00]} Rfc7 {[%emt 0:02:05]} 68. Rfa1 {[%emt 0:00:39]} Nd7 {[%emt 0:00:22]} 69. Kc2 {[%emt 0:00:19]} Rb8 {[%emt 0:00:44]} 70. Rb4 {[%emt 0:00:39]} Rc5 {[%emt 0:00:20]} 71. Rba4 {[%emt 0:00:58]} Ra8 {[%emt 0:03:38]} 72. Rb4 {[%emt 0:00:42]} Kb8 {[%emt 0:00:32]} 73. Bf1 {[%emt 0:01:15]} Kc7 {[%emt 0:00:10]} 74. Be2 {[%emt 0:00:43]} Rb8 {[%emt 0:00:13]} 75. Rba4 {[%emt 0:00:25]} Rf8 {[%emt 0:00:38]} 76. Rb1 {[%emt 0:00:25]} Ne5 {[%emt 0:00:52]} 77. Rf1 {[%emt 0:00:23]} Kc8 {[%emt 0:00:35]} 78. Kb3 {[%emt 0:00:15]} Rf7 {[%emt 0:00:37]} 79. Re1 {[%emt 0:00:52]} Kc7 {[%emt 0:00:57]} 80. Kc2 {[%emt 0:00:15]} Rf8 {[%emt 0:01:34]} 81. Rf1 {[%emt 0:00:19]} Rg8 {[%emt 0:00:38]} 82. Kd2 {[%emt 0:01:22]} Rb8 {[%emt 0:00:38]} 83. Rfa1 {[%emt 0:00:27]} Ra8 {[%emt 0:00:20]} 84. Rb1 {[%emt 0:00:11]} Nd7 {[%emt 0:00:08]} 85. Rba1 {[%emt 0:01:38]} b6 {[%emt 0:01:48]} 86. axb6+ {[%emt 0:00:13]} Kxb6 {[%emt 0:00:04]} 87. Rb1+ {[%emt 0:00:36]} Kc7 {[%emt 0:00:10]} 88. Rb5 {[%emt 0:02:22]} axb5 {[%emt 0:04:02]} 89. Rxa8 {[%emt 0:00:15]} bxc4 {[%emt 0:00:05]} 90. Ra7+ {[%emt 0:02:06]} Kd8 {[%emt 0:00:32]} 91. Ke1 {[%emt 0:02:13]} Ne5 {[%emt 0:00:32]} 92. Ra4 {[%emt 0:00:26]} Ke7 {[%emt 0:00:36]} 93. Kf2 {[%emt 0:00:45]} Rxd5 {[%emt 0:01:58]} 94. Bxc4 {[%emt 0:00:27]} Nxc4 {[%emt 0:02:43]} 95. Rxc4 {[%emt 0:00:03]} Rc5 {[%emt 0:00:05]} 96. Ra4 {[%emt 0:01:29]} Rxc3 {[%emt 0:00:04]} 97. Ra7+ {[%emt 0:00:16]} Ke6 {[%emt 0:00:05]} 98. Rg7 {[%emt 0:00:07]} Rc2+ {[%emt 0:00:10]} 99. Kf1 {[%emt 0:00:06]} Kf6 {[%emt 0:00:08]} 100. Rd7 {[%emt 0:00:21]} Rc6 {[%emt 0:00:42]} 101. Rd8 {[%emt 0:00:55]} Ke7 {[%emt 0:00:29]} 102. Ra8 {[%emt 0:00:20]} d5 {[%emt 0:00:30]} 103. Rg8 {[%emt 0:00:24]} Rd6 {[%emt 0:00:18]} 104. Kf2 {[%emt 0:00:41]} Kf7 {[%emt 0:00:25]} 105. Ra8 {[%emt 0:00:12]} d4 {[%emt 0:00:24]} 106. exd4 {[%emt 0:00:38]} Rxd4 {[%emt 0:00:05]} 107. Ra3 {[%emt 0:00:07]} Rd2+ {[%emt 0:00:28]} 108. Ke3 {[%emt 0:00:19]} Rd6 {[%emt 0:03:54]} 109. Kf4 {[%emt 0:00:21]} Kf6 {[%emt 0:00:08]} 110. Ra8 {[%emt 0:00:25]} Re6 {[%emt 0:01:18]} 111. Ke3 {[%emt 0:01:14]} Rc6 {[%emt 0:00:38]} 112. Kf4 {[%emt 0:00:09]} Re6 {[%emt 0:01:04]} 113. Ke3 {[%emt 0:00:02]} Rb6 {[%emt 0:00:13]} 114. Kf4 {[%emt 0:00:02]} Rb3 {[%emt 0:00:26]} 115. Ra6+ {[%emt 0:00:24]} Kg7 {[%emt 0:00:14]} 116. g4 {[%emt 0:00:14]} fxg4 {[%emt 0:01:05]} 117. Re6 {[%emt 0:00:58]} Kh6 {[%emt 0:01:00]} 118. Kxe4 {[%emt 0:00:53]} Rh3 {[%emt 0:00:27]} 119. Re8 {[%emt 0:00:56]} Rxh4 {[%emt 0:00:14]} 120. Kf4 {[%emt 0:00:11]} Rh1 {[%emt 0:00:48]} 121. Rh8+ {[%emt 0:00:12]} Kg7 {[%emt 0:00:05]} 122. Ra8 {[%emt 0:00:06]} Rf1+ {[%emt 0:00:11]} 123. Kg5 {[%emt 0:00:15]} g3 {[%emt 0:01:10]} 124. Ra7+ {[%emt 0:00:27]} Rf7 {[%emt 0:00:47]} 125. Ra3 {[%emt 0:00:20]} g2 {[%emt 0:00:13]} 126. Rg3 {[%emt 0:00:10]} Rf5+ {[%emt 0:00:14]} 127. Kh4 {[%emt 0:00:08]} Rf4+ {[%emt 0:00:05]} 128. Kh3 {[%emt 0:00:12]} Rf3 {[%emt 0:00:21]} 0-1